Normal view
MARC view
- Farrell , Joyce
Entry Personal Name
001 - CONTROL NUMBER
- control field: 3933
003 - CONTROL NUMBER IDENTIFIER
- control field: JO-AjAnu
005 - DATE AND TIME OF LATEST TRANSACTION
- control field: 20230606070939.0
008 - FIXED-LENGTH DATA ELEMENTS
- fixed length control field: 230606|| aca||aabn | a|a d
040 ## - CATALOGING SOURCE
- Original cataloging agency: JO-AjAnu
- Transcribing agency: JO-AjAnu
100 ## - HEADING--PERSONAL NAME
- Personal name: Farrell , Joyce
670 ## - SOURCE DATA FOUND
- Source citation: Work cat.: (JO-AjAnu)2049: Farrell , Joyce, author, Visual 2008 Comprehensive:An Introduction to Object-oriented Programming